UNIVERSAL`S HANDBOOK ON DIVORCE LAW AND PROCEDURES (Record no. 9766)

MARC details
000 -LEADER
fixed length control field 00341nam a22001457a 4500
003 - CONTROL NUMBER IDENTIFIER
control field SGT
082 ## - DEWEY DECIMAL CLASSIFICATION NUMBER
Classification number 346.1660954,JAI
100 ## - MAIN ENTRY--PERSONAL NAME
Personal name JAI, JANAK RAJ
245 ## - TITLE STATEMENT
Title UNIVERSAL`S HANDBOOK ON DIVORCE LAW AND PROCEDURES
250 ## - EDITION STATEMENT
Edition statement 5TH
260 ## - PUBLICATION, DISTRIBUTION, ETC. (IMPRINT)
Place of publication, distribution, etc NEW DELHI
Name of publisher, distributor, etc UNIVERSAL BOOK HOUSE
Year of Publication 2013
300 ## - PAGE DESCRIPTION
No. of Pages 270
650 ## - SUBJECT ADDED ENTRY--TOPICAL TERM
Topical term or geographic name as entry element LAW
942 ## - ADDED ENTRY ELEMENTS (KOHA)
Source of classification or shelving scheme Dewey Decimal Classification
Koha item type Books
942 ## - ADDED ENTRY ELEMENTS (KOHA)
-- 2
Holdings
Withdrawn status Lost status Source of classification or shelving scheme Damaged status Not for loan Collection code Home library Current library Shelving location Date acquired Vendor Name Cost, normal purchase price SGTU Bill Number Total Checkouts Full call number Accession No. (Barcode) Date last seen Date last borrowed Bill Date Koha item type
    Dewey Decimal Classification     LAW SGT Science & Social Sciences Library SGT Science & Social Sciences Library Text Book 02/08/2016 JUPITER LAW HOUSE 295.00 SGTU 856 2 346.1660954,JAI FL405 04/01/2022 25/12/2021 31/10/2014 Books
    Dewey Decimal Classification   Not For Loan LAW SGT Science & Social Sciences Library SGT Science & Social Sciences Library Reference Book 02/08/2016 JUPITER LAW HOUSE 295.00 SGTU 856   346.1660954,JAI FL406 02/08/2016   31/10/2014 Books